• 首页
  • 本馆介绍
  • 公告通知
  • 最新文献
  • 馆藏检索
  • 电子资源
  • 读者导购
  • 参考咨询
  • 我的图书馆
  • 登录
  • 详细信息显示
  • 放入我的书架
  • 预约/预借图书
  • 作者相关作品
  • 分类相关作品
  • 丛书相关作品
  • 出版社相关作品

书目信息

  • 表格格式
  • 工作单格式
  • 卡片格式
题名:
国际物流学教程
    
 
作者: 蒋长兵 编著
分册:  
出版信息: 北京   中国物资出版社  2012
页数: 431页
开本: 26cm
丛书名:
单 册:
中图分类: F259.1
科图分类:
主题词: 国际贸易--物流--高等学校--教材 , 国际贸易 , 物流
电子资源:
ISBN: 978-7-5047-4388-6
000 00947nam0 2200277 450
001 523
005 20140908165055.70
010    @a978-7-5047-4388-6@dCNY48.00
100    @a20121026d2012 em y0chiy50 ea
101 0  @achi
102    @aCN@b110000
105    @aa z 000yy
106    @ar
200 1  @a国际物流学教程@f蒋长兵编著
205    @a2版
210    @a北京@c中国物资出版社@d2012
215    @a431页@c照片,图@d26cm
300    @a全国高等院校物流专业“十二五”精品规划系列教材
330    @a本书共分十二章,主要内容为国际物流学导论、国际物流与国际贸易、进出口货物报关、国际物流仓储与包装、国际货运保险、国际物流信息系统、国际海上运输实务、国际集装箱运输实务、国际航空运输实务、国际多式联运实务、综合实务操作和单证示例。
606 0  @a国际贸易@x物流@x高等学校@j教材
606 0  @a国际贸易
606 0  @a物流
690    @aF259.1@v5
701  0 @a蒋长兵@4编著
801  0 @aCN@bTANGWEI@c20140603
905    @b0842984-86@dF259.1@e204=2@f3
    
    国际物流学教程/蒋长兵编著.-2版.-北京:中国物资出版社,2012
    431页:照片,图;26cm
    全国高等院校物流专业“十二五”精品规划系列教材
    
    ISBN 978-7-5047-4388-6:CNY48.00
    本书共分十二章,主要内容为国际物流学导论、国际物流与国际贸易、进出口货物报关、国际物流仓储与包装、国际货运保险、国际物流信息系统、国际海上运输实务、国际集装箱运输实务、国际航空运输实务、国际多式联运实务、综合实务操作和单证示例。
●
相关链接 在E读中查询图书 在五车中查询图书 在当当中查询图书 在豆瓣中查询图书


正题名:国际物流学教程     索取号:F259.1/204=2         预约/预借

序号 登录号 条形码 馆藏地/架位号 状态 备注
1 0842984   208429841   第一样本阅览室/ [索取号:F259.1/204=2] 在馆    
2 0842985   208429850   第一借阅区/ [索取号:F259.1/204=2] 在馆    
3 0842986   208429869   经管系资料室/ [索取号:F259.1/204=2] 在馆    
唐山师范学院图书馆 欢迎您!
大连网信软件有限公司© 版权所有